000 00484nam a2200181Ia 4500
001 20207
005 20260306172749.0
008 260306t2024||||xx |||||||||||||| ||spa||
041 _aESP
082 _a343
_bC89B
100 _aCrispín Sánchez, Arturo,
_eAUT
245 0 _aLos precedentes vinculantes del Tribunal Constitucional :
_bcomentarios y crítica
260 _c2024
300 _a318 páginas :
_c25 cm.
650 _aGEN
654 _aCDE
942 _cLIB
_dJUS
_fJUS
_2ddc
_n
999 _c20207
_d20207